Balada o vkladnej knižke

Bibliographic Details
Main Author: Johanides, Ján, 1934-2008 (Author)
Other Authors: Studený, Michal, 1939- (gup), Rostoka, Vladislav, 1948- (gup)
Format: Book
Language:Slovak
PhysicalDescription:118 s. 21 cm
Published: Bratislava Slovenský spisovateľ 1979
Edition:1. vyd.
Series:Nová próza
Subjects:

MARC

LEADER 00000cam a2200000 a 4500
001 vtls001116988
003 SK-MaSNL
005 20260301100103.0
008 240226s1979 xo gr 000 j slo
015 |a SNBA1979 
020 |q (viazané) 
035 |a SNK000059831 
035 |a 817D1B56-702C-455A-B2B9-1C028C88C13F 
035 |a urn:nbn:sk:snk-am00if1p 
040 |a SNK  |b slo  |c SNK  |e AACR2 
041 0 |a slo 
044 |a xo  |c SK 
072 7 |a 821.162.4  |x Slovenská literatúra  |2 konspekt 
080 |a 821.162.4-32  |2 2011 
100 1 |a Johanides, Ján,  |d 1934-2008  |4 aut  |9 115871 
245 1 0 |a Balada o vkladnej knižke  |c Ján Johanides ; Michal Studený, Vladislav Rostoka 
250 |a 1. vyd. 
260 |a Bratislava  |b Slovenský spisovateľ  |c 1979  |e Žilina  |f Pravda 
300 |a 118 s.  |c 21 cm 
366 |e 5000 výtl. 
490 1 |a Nová próza 
655 7 |a slovenské novely  |2 SNKPH  |9 70570 
655 7 |a Slovak novellas  |2 SNKPHeng  |9 286713 
700 1 |a Studený, Michal,  |d 1939-  |4 gup  |9 121120 
700 1 |a Rostoka, Vladislav,  |d 1948-  |4 gup  |9 220020 
830 0 |a Nová próza  |9 276824 
852 |a Slovenská národná knižnica 
954 |a beletria pôvodná (slovenská)  |2 lita 
958 |a OND 
958 |a LX 
958 |a TL 
958 |a EUIPO 
999 |c 685166  |d 687096 
952 |a SNK  |b SNK  |y PREZ  |7 0  |p 17A0820513  |o snkSC 47486  |i snkKSP 6203/79  |0 0  |1 0  |4 0  |d 2012-07-31  |f 1  |l 0  |r 2025-10-29 00:00:00  |w 2026-02-23 
952 |t P60, <04>, [BOOK], {604}  |a SNK  |b SNK  |y VYP  |7 0  |p 17A0039033  |o snkSC 47486 D1  |0 0  |1 0  |4 0  |d 1997-02-18  |l 0  |r 2004-12-31 00:00:00  |w 2026-02-23 
952 |a SNKLM  |b SNKLM  |y NEVYP  |7 0  |o snklmMK 1747  |i snklm4/80  |8 3  |0 0  |1 0  |4 0  |d 2005-08-11  |l 0  |r 2026-02-23 20:09:50  |w 2026-02-23